| 000 | 00432cam a2200169ua 4500 | ||
|---|---|---|---|
| 020 | _a81-204-0092-5 | ||
| 041 |
_aeng _h |
||
| 082 |
_a630.33 _bBAN/EC |
||
| 100 | _aBansil, P.C . | ||
| 245 |
_aEconomic problems of Indian agriculture / _cP.C.Bansil. _hTextual Documents |
||
| 250 |
_a5 / _b. |
||
| 260 |
_a : _bOxford & IBH Publishing company , _c1986. |
||
| 300 | _a304 ; . | ||
| 504 | _a | ||
| 942 | _cBK | ||
| 999 |
_c2556 _d2556 |
||